Pokémon avec un double-type - Statistiques

Statistiques générales
  • Ce quiz a été pris 77 fois
  • Le résultat moyen est 344 sur 526
Statistiques - réponses
Réponse % Correct
Florizarre
91%
Bulbizarre
88%
Herbizarre
88%
Sulfura
88%
Aspicot
85%
Ortide
85%
Roucarnage
85%
Roucool
85%
Roucoups
85%
Artikodin
82%
Coconfort
82%
Dardargnan
82%
Électhor
82%
Magnéti
82%
Mystherbe
82%
Nidoking
82%
Nidoqueen
82%
Papilusion
82%
Piafabec
82%
Rafflesia
82%
Rapasdepic
82%
Braségali
79%
Dracaufeu
79%
Empiflor
79%
Galifeu
79%
Magnéton
79%
Nosferalto
79%
Nosferapti
79%
Paras
79%
Parasect
79%
Pingoléon
79%
Racaillou
79%
Rayquaza
79%
Tartard
79%
Arakdo
76%
Azumarill
76%
Azurill
76%
Boustiflor
76%
Celebi
76%
Chétiflor
76%
Dracolosse
76%
Ectoplasma
76%
Fantominus
76%
Flagadoss
76%
Gravalanch
76%
Grodoudou
76%
Grolem
76%
Ho-Oh
76%
Lamantine
76%
Latias
76%
Latios
76%
Ludicolo
76%
Lugia
76%
Magnézone
76%
Marill
76%
Noadkoko
76%
Noeunoeuf
76%
Nostenfer
76%
Onix
76%
Ramoloss
76%
Rhinoféros
76%
Rondoudou
76%
Simiabraz
76%
Spectrum
76%
Steelix
76%
Tentacool
76%
Tentacruel
76%
Amonistar
73%
Amonita
73%
Axoloto
73%
Cadoizo
73%
Caratroc
73%
Chimpenfeu
73%
Cochignon
73%
Corboss
73%
Cornèbre
73%
Coxy
73%
Coxyclaque
73%
Crustabri
73%
Démétéros
73%
Démolosse
73%
Dialga
73%
Drattak
73%
Étouraptor
73%
Étourmi
73%
Étourvol
73%
Farfuret
73%
Flobio
73%
Fulguris
73%
Gardevoir
73%
Girafarig
73%
Giratina
73%
Hélédelle
73%
Hyporoi
73%
Insécateur
73%
Jirachi
73%
Laggron
73%
Lanturn
73%
Léviator
73%
Libégon
73%
Lippoutou
73%
Lombre
73%
Loupio
73%
Malosse
73%
Maraiste
73%
Marcacrin
73%
Maskadra
73%
Méditikka
73%
Migalos
73%
M. Mime
73%
Munja
73%
Nénupiot
73%
Ninjask
73%
Nirondelle
73%
Palkia
73%
Qwilfish
73%
Reshiram
73%
Rhinastoc
73%
Rhinocorne
73%
Roigada
73%
Rosélia
73%
Scarhino
73%
Ténéfix
73%
Torterra
73%
Tyranocif
73%
Vibraninf
73%
Volcanion
73%
Zekrom
73%
Aéromite
70%
Airmure
70%
Altaria
70%
Amphinobi
70%
Babimanta
70%
Balbuto
70%
Bekipan
70%
Brindibou
70%
Brutalibré
70%
Camérupt
70%
Canarticho
70%
Carchacrok
70%
Carvanha
70%
Chamallot
70%
Charmina
70%
Cizayox
70%
Cobaltium
70%
Cotovol
70%
Cradopaud
70%
Démanta
70%
Dimoret
70%
Dodrio
70%
Doduo
70%
Efflèche
70%
Embrylex
70%
Félinferno
70%
Flambusard
70%
Floravol
70%
Galekid
70%
Goélise
70%
Granivol
70%
Grotichon
70%
Heatran
70%
Hoothoot
70%
Kabuto
70%
Kabutops
70%
Kaorine
70%
Kirlia
70%
Kyurem
70%
Lippouti
70%
Mammochon
70%
Meloetta
70%
Mimigal
70%
Mimitoss
70%
Moufflair
70%
Mysdibule
70%
Natu
70%
Ningale
70%
Noacier
70%
Noarfang
70%
Ptéra
70%
Qwilpik
70%
Relicanth
70%
Roitiflam
70%
Roserade
70%
Rozbouton
70%
Scorplane
70%
Scorvol
70%
Sharpedo
70%
Staross
70%
Tarsal
70%
Tengalice
70%
Terrakium
70%
Togekiss
70%
Toudoudou
70%
Victini
70%
Viridium
70%
Volcaropod
70%
Xatu
70%
Ymphect
70%
Ama-Ama
67%
Anorith
67%
Archéduc
67%
Archéodong
67%
Archéomire
67%
Armaldo
67%
Baggaïd
67%
Bastiodon
67%
Blizzaroi
67%
Blizzi
67%
Braisillon
67%
Cacturne
67%
Cancrelove
67%
Carmache
67%
Castorno
67%
Chapignon
67%
Charmillon
67%
Coatox
67%
Corayon
67%
Corvaillus
67%
Crocorible
67%
Dedenne
67%
Diancie
67%
Dinoclier
67%
Draïeul
67%
Engloutyran
67%
Escroco
67%
Farfurex
67%
Farigiraf
67%
Foretress
67%
Funécire
67%
Galegon
67%
Galeking
67%
Gallame
67%
Genesect
67%
Griknot
67%
Grindur
67%
Hoopa
67%
Kaimorse
67%
Katagami
67%
Keldeo
67%
Koraidon
67%
Lilia
67%
Limonde
67%
Lokhlass
67%
Lucario
67%
Mandrillon
67%
Mascaïman
67%
Métalosse
67%
Métang
67%
M. Glaquette
67%
Mime Jr.
67%
Momartik
67%
Motisma
67%
Moufouette
67%
Mouscoto
67%
Moyade
67%
Mygavolt
67%
Oratoria
67%
Phogleur
67%
Pifeuil
67%
Séléroc
67%
Solaroc
67%
Statitik
67%
Terhal
67%
Togetic
67%
Tropius
67%
Tylton
67%
Vacilys
67%
Venipatte
67%
Viskuse
67%
Yanma
67%
Yanmega
67%
Yveltal
67%
Aéroptéryx
64%
Amovénus
64%
Arkéapti
64%
Baggiguane
64%
Bamboiselle
64%
Baudrive
64%
Blindépique
64%
Brutapode
64%
Chelours
64%
Chovsourir
64%
Colombeau
64%
Couverdure
64%
Crabaraque
64%
Crabicoque
64%
Déflaisan
64%
Diamat
64%
Dimoclès
64%
Drascore
64%
Emolga
64%
Excavarenne
64%
Fermite
64%
Fourbelin
64%
Furaiglon
64%
Golemastoc
64%
Goupelin
64%
Gringolem
64%
Grodrive
64%
Gueriaigle
64%
Hachécateur
64%
Hotte-de-Fer
64%
Larveyette
64%
Lucanon
64%
Lugulabre
64%
Lunala
64%
Magearna
64%
Manternel
64%
Marshadow
64%
Mégapagos
64%
Miraidon
64%
Morpeko
64%
Nounourson
64%
Obalie
64%
Opermine
64%
Papinox
64%
Passerouge
64%
Pierroteknik
64%
Poichigeon
64%
Prismillon
64%
Pyrax
64%
Pyronille
64%
Rapion
64%
Rhinolove
64%
Scalpion
64%
Scalproie
64%
Scobolide
64%
Shifours
64%
Solgaleo
64%
Solochi
64%
Spiritomb
64%
Terraiste
64%
Trioxhydre
64%
Tritosor
64%
Vaututrice
64%
Vostourno
64%
Zéroïd
64%
Zygarde
64%
Angoliath
61%
Araqua
61%
Bacabouh
61%
Banshitrouye
61%
Barbicha
61%
Barloche
61%
Batracné
61%
Bombydou
61%
Boumata
61%
Brocélôme
61%
Bruyverne
61%
Carapagos
61%
Cheniselle
61%
Chrysapile
61%
Colhomard
61%
Crabominable
61%
Crapustule
61%
Cryptéro
61%
Dinglu
61%
Doudouvet
61%
Dragmara
61%
Ékaïser
61%
Éthernatos
61%
Exagide
61%
Farfaduvet
61%
Favianos
61%
Flâmigator
61%
Flotte-Mèche
61%
Fort-Ivoire
61%
Gaulet
61%
Haydaim
61%
Hélionceau
61%
Hurle-Queue
61%
Iguolta
61%
Kravarech
61%
Lakmécygne
61%
Malamandre
61%
Mélancolux
61%
Miascarade
61%
Mimiqui
61%
Némélios
61%
Palmaval
61%
Papilord
61%
Pitrouille
61%
Prédastérie
61%
Ptyranidur
61%
Rexillius
61%
Salarsen
61%
Sepiatop
61%
Sepiatroce
61%
Sonistrelle
61%
Tarenbulle
61%
Tarinorme
61%
Tokopisco
61%
Tokopiyon
61%
Tokorico
61%
Tokotoro
61%
Toxizap
61%
Trépassable
61%
Tritox
61%
Trompignon
61%
Trousselin
61%
Venalgue
61%
Vivaldaim
61%
Vorastérie
61%
Yuyu
61%
Amagara
58%
Apireine
58%
Apitrini
58%
Arboliva
58%
Astronelle
58%
Baojian
58%
Bazoucan
58%
Beldeneige
58%
Chongjian
58%
Coléodôme
58%
Couaneton
58%
Denticrisse
58%
Desséliande
58%
Dratatin
58%
Écaïd
58%
Épine-de-Fer
58%
Fantyrm
58%
Félicanis
58%
Feu-Perçant
58%
Fongus-Furie
58%
Frissonille
58%
Galvaran
58%
Golgopathe
58%
Grillepattes
58%
Grimalin
58%
Hydragon
58%
Ire-Foudre
58%
Ixon
58%
Lançargot
58%
Météno
58%
Minotaupe
58%
Monorpale
58%
Pandarbare
58%
Paume-de-Fer
58%
Pêchaminus
58%
Pelage-Sablé
58%
Picassaut
58%
Pijako
58%
Plumeline
58%
Pomdrapi
58%
Rampe-Ailes
58%
Roue-de-Fer
58%
Rubombelle
58%
Scalpereur
58%
Scolocendre
58%
Serpente-Eau
58%
Sinistrail
58%
Strassie
58%
Tag-Tag
58%
Têtes-de-Fer
58%
Togedemaru
58%
Ursaking
58%
Verpom
58%
Zapétrel
58%
Zarude
58%
Carmadura
55%
Duralugon
55%
Flamenroule
55%
Fulgulairo
55%
Gambex
55%
Garde-de-Fer
55%
Glaivodo
55%
Gouroutan
55%
Gromago
55%
Hydragla
55%
Lanssorien
55%
Malvalame
55%
Mite-de-Fer
55%
Monthracite
55%
Nigirigon
55%
Olivini
55%
Paragruel
55%
Piclairon
55%
Pohmarmotte
55%
Pomdorochi
55%
Pomdramour
55%
Pondralugon
55%
Sarmuraï
55%
Sovkipou
55%
Sylveroy
55%
Terracool
55%
Terracruel
55%
Torgamord
55%
Vrombi
55%
Wagomine
55%
Cerbyllin
52%
Chef-de-Fer
52%
Courrousinge
52%
Cryodo
52%
Dispareptil
52%
Forgelina
52%
Galvagla
52%
Galvagon
52%
Gribouraigne
52%
Lampignon
52%
Olivado
52%
Pohmotte
52%
Roc-de-Fer
52%
Rugit-Lune
52%
Scovilain
52%
Sorcilence
52%
Vert-de-Fer
52%
Vrombotor
52%
Bérasca
48%
Floréclat
48%
Forgella
48%
Fortusimia
48%
Frigodo
48%
Germéclat
48%
Lestombaile
48%
Motorizard
48%
Nigosier
48%
Poltchageist
48%
Spododo
48%
Tapatoès
48%
Théffroyable
48%
Virevorreur
48%
Wimessir
48%
Délestin
45%
Tutétékri
45%
Virovent
45%
Forgerette
42%
Aucun quiz correspondant
Distribution des résultats
% des personnes avec chaque résultat
Percentile par nombre de réponses
Votre historique - résultats
Vous n’avez pas pris ce quiz